Institutional challenges to intermodal transport and logistics: governance in port regionalisation and hinterland integration

Αποθηκεύτηκε σε:
Λεπτομέρειες βιβλιογραφικής εγγραφής
Κύριος συγγραφέας: Monios, Jason (Συγγραφέας)
Μορφή: Βιβλίο
Γλώσσα:English
Δημοσίευση: Surrey: Ashgate, c2014.
Σειρά:Transport and mobility series
Θέματα:
Ετικέτες: Προσθήκη ετικέτας
Δεν υπάρχουν, Καταχωρήστε ετικέτα πρώτοι!

MARC

LEADER 00000nam a2200000 a 4500
001 1/111744
008 160908t2014####uk | ||| |||| ||eng||
020 |a 9781472423214   |q (σκληρό εξώφυλλο)  
040 |a GR-MyUa  |b gre  |c GR-MyUa  |e AACR2 
041 0 |a eng 
082 7 |a 385.72   |2 (23)  
100 1 |a Monios, Jason,  |e aut 
245 1 0 |a Institutional challenges to intermodal transport and logistics:   |b governance in port regionalisation and hinterland integration /   |c Jason Monios.  
260 |a Surrey:   |b Ashgate,   |c c2014.  
300 |a xx, 219 σ. :   |b διαγρ., πίν. ;   |c 24 εκ.  
650 0 |a Containerization 
504 |a Βιβλιογραφία: σ. 191-216.  
504 |a Ευρετήριο: σ. 217-219.  
650 0 |a Freight and freightage. 
650 0 |a Business logistics. 
650 0 |a Harbors  |x Economic aspects. 
830 0 |a Transport and mobility series 
852 |a INST  |b CHIOS  |c EUDOXUS  |e 20160908  |h 385.72 MON  |p 005200037190  |q 005200037190  |t BK  |y 0 
920 |a Εύδοξος  |b Παραγγελία  |y Χίος-ΤΝΕΥ  |z 2016-05 
970 |a Σπέντζα  |b Ελένη  |z 08-09-2016